| 000 | 01431nam a2200253Ia 4500 | ||
|---|---|---|---|
| 001 | 18545 | ||
| 003 | GE_BSU | ||
| 008 | 181216s||||||||xx |||||||||||||| ||und|| | ||
| 020 | _a9789941462269 | ||
| 040 | _cGE_BSU | ||
| 080 | _a811.353.31'282 | ||
| 100 | _aნარაკიძე,ციალა | ||
| 245 | _aლაზური ტექსტები:ფოლკლორული მასალები | ||
| 245 | _cრედ:თინა შიოშვილი | ||
| 250 | _aბათუმის შოთა რუსთაველის სახ.უნ-ტი, ნიკო ბერძენიშვილის ინ-ტი. | ||
| 260 | _aბათუმი. | ||
| 260 | _bშოთა რუსთაველის უნიტის გამ-ბა | ||
| 260 | _c2015 | ||
| 300 | _a249გვ;19სმ. | ||
| 541 | _h7ლ. | ||
| 653 | _aლაზური ტექსტები:ფოლკლორული მასალები | ||
| 653 | _aწიგნში წარმოდგენილია ლაზური ზეპირსიტყვიერების ნიმუშები.ტექსტი ორ ნაწილად არის გაყოფილი.პირველ ნაწილში არის ლექსები,ანდაზები და გამოცანები.მეორეში ზღაპრები. | ||
| 942 | _cBK | ||
| 999 |
_c51554 _d51554 |
||